000 00853nam a22002537a 4500
005 20110511110125.0
008 110511t xxu||||| |||| 00| 0 eng d
010 _aENG-102431
020 _a9788120342415
_c550.00
035 _aEN-85964
037 _bDBAD/PUB
040 _aDPL
_bEng
082 _a005.71262
100 _aMatha, Mahesh P.
_927875
245 _aCore java :
_cby Mahesh P. Matha
_ba comprehensive study /
260 _aNew Delhi
_bPHI Learning
_c2011
270 _aM-97,Connaught Circus
_bNew Delhi
_e110001
300 _axxiii, 788 p.
_c23cm (pbk)
500 _aIncludes index
650 _927887
700 _927963
942 _2ddc
_cEN
_h005.71262
_mMAT
999 _c52341
_d52341